000 00163nam a22000977a 4500
020 _a9789385252020
082 _aK800
245 _aBUS
300 _a10P
942 _cBK
999 _c2040
_d2040